| 000 | 00599nam a2200205 4500 | ||
|---|---|---|---|
| 003 | LK-CoMWRAF | ||
| 005 | 20230912053634.0 | ||
| 008 | 230912b1996 |||||||| |||| 00| 0 eng d | ||
| 020 | _a0880590378 | ||
| 040 |
_aLK-CoMWRAF _dLK-CoMWRAF _eLK-CoMWRAF |
||
| 082 |
_a297.122 _bIMR |
||
| 100 | _aImrān , Surat Āl-i | ||
| 245 |
_aThe Light of īmān : _bFrom the House of Imrān |
||
| 260 |
_aBlanco, TX, USA : _bZahra Publications, _c1986 |
||
| 300 | _a239 p. ; 22 cm. | ||
| 650 | _aQurʼan | ||
| 650 | _aSūrat Āl ʻImrān--Commentaries. | ||
| 700 |
_a Haeri, Fadhlalla _etrans. |
||
| 942 | _cBK | ||
| 999 |
_c3553 _d3553 |
||